000 00291nam a22001337a 4500
020 _a0-07-046097
041 _aENG
100 _aCampbell.M.D
245 _aWater Well Technology
260 _aNew York
_bMcGraw Hill Book
_c1977
300 _a681
650 _aIDE ( 05 )
856 _uIDE ( 05 )
999 _c2776
_d2776